000 00860nam a2200277 i 4500
003 DO-SdBNP
005 20250523143250.0
007 ta
008 250523b2024 dr ||||| |||| 00| 0 spa d
020 _a9789945224054
040 _aDO-SdBNP
_bspa
_cBNPHU
_erda
041 _aspa
082 4 _axxx
_bE79c
_222
100 1 _aEstévez, Marlin
_d2008-
_eautor
_4aut.
_987870
245 1 0 _aCanta la piedra desnuda vestida de silencio /
_cMarlin Estévez.
250 _aPrimera edición
264 _aSanto Domingo :
_bEditora Búho,
_c2024.
300 _a75 páginas ;
_c22 cm.
336 _atexto
_btxt
_2rdacontent
337 _asin mediación
_bn
_2rdamedia
338 _avolumen
_bnc
_2rdacarrier
500 _aIncluye datos biográficos de la autora en la solapa de la cubierta.
590 _aInventariado, 2025 /LP
910 _aLP
942 _2ddc
_cLBS1
999 _c58668
_d58668